000 00450nam a2200169Ia 4500
003 GCL
008 140319s9999 xx 000 0 ara d
040 _aGCL /
_cGCL
082 0 4 _a814.008
_bع ف
100 1 _aعمر فاخورى
245 1 0 _aالفصول الاربعة /
_cعمر فاخورى
300 _a129 ص
490 _a
650 0 4 _aالمقالات
650 0 4 _aالادب العربى - العصر الحديث
942 _2ddc
_cBK
999 _c38200
_d38200